<?xml version="1.0" encoding="UTF-8"?><marc:collection xmlns:marc="http://www.loc.gov/MARC21/slim">
  <marc:record>
    <marc:leader>00000nam  2200000zi 4500</marc:leader>
    <marc:controlfield tag="001">9.946296</marc:controlfield>
    <marc:controlfield tag="003">CaOODSP</marc:controlfield>
    <marc:controlfield tag="005">20251031142449</marc:controlfield>
    <marc:controlfield tag="006">m     o  d f      </marc:controlfield>
    <marc:controlfield tag="007">cr cn|||||||||</marc:controlfield>
    <marc:controlfield tag="008">241218t20252025oncabdo ob   f000 0 eng d</marc:controlfield>
    <marc:datafield tag="020" ind1=" " ind2=" ">
      <marc:subfield code="a">9780660749907</marc:subfield>
    </marc:datafield>
    <marc:datafield tag="040" ind1=" " ind2=" ">
      <marc:subfield code="a">CaOODSP</marc:subfield>
      <marc:subfield code="b">eng</marc:subfield>
      <marc:subfield code="e">rda</marc:subfield>
      <marc:subfield code="c">CaOODSP</marc:subfield>
    </marc:datafield>
    <marc:datafield tag="043" ind1=" " ind2=" ">
      <marc:subfield code="a">n-cn-nu</marc:subfield>
    </marc:datafield>
    <marc:datafield tag="086" ind1="1" ind2=" ">
      <marc:subfield code="a">M183-2/9232E-PDF</marc:subfield>
    </marc:datafield>
    <marc:datafield tag="100" ind1="1" ind2=" ">
      <marc:subfield code="a">Matterson, T. W., </marc:subfield>
      <marc:subfield code="e">author.</marc:subfield>
    </marc:datafield>
    <marc:datafield tag="245" ind1="1" ind2="0">
      <marc:subfield code="a">Micro- to nano-scale analyses for understanding gold paragenesis in metamorphosed banded iron formations north of Rankin Inlet, Nunavut / </marc:subfield>
      <marc:subfield code="c">T.W. Matterson, D.C. Petts, D. Regis, D.E. Moser and J. Czas.</marc:subfield>
    </marc:datafield>
    <marc:datafield tag="264" ind1=" " ind2="1">
      <marc:subfield code="a">Ottawa, Ontario : </marc:subfield>
      <marc:subfield code="b">Geological Survey of Canada, </marc:subfield>
      <marc:subfield code="c">2025.</marc:subfield>
    </marc:datafield>
    <marc:datafield tag="264" ind1=" " ind2="4">
      <marc:subfield code="c">©2025</marc:subfield>
    </marc:datafield>
    <marc:datafield tag="300" ind1=" " ind2=" ">
      <marc:subfield code="a">1 online resource (1 unnumbered page) : </marc:subfield>
      <marc:subfield code="b">illustrations, maps, graphs, photographs.</marc:subfield>
    </marc:datafield>
    <marc:datafield tag="336" ind1=" " ind2=" ">
      <marc:subfield code="a">text</marc:subfield>
      <marc:subfield code="b">txt</marc:subfield>
      <marc:subfield code="2">rdacontent</marc:subfield>
    </marc:datafield>
    <marc:datafield tag="337" ind1=" " ind2=" ">
      <marc:subfield code="a">computer</marc:subfield>
      <marc:subfield code="b">c</marc:subfield>
      <marc:subfield code="2">rdamedia</marc:subfield>
    </marc:datafield>
    <marc:datafield tag="338" ind1=" " ind2=" ">
      <marc:subfield code="a">online resource</marc:subfield>
      <marc:subfield code="b">cr</marc:subfield>
      <marc:subfield code="2">rdacarrier</marc:subfield>
    </marc:datafield>
    <marc:datafield tag="490" ind1="1" ind2=" ">
      <marc:subfield code="a">Open file, </marc:subfield>
      <marc:subfield code="x">2816-7155 ; </marc:subfield>
      <marc:subfield code="v">9232</marc:subfield>
    </marc:datafield>
    <marc:datafield tag="500" ind1=" " ind2=" ">
      <marc:subfield code="a">Caption title.</marc:subfield>
    </marc:datafield>
    <marc:datafield tag="504" ind1=" " ind2=" ">
      <marc:subfield code="a">Includes bibliographical references.</marc:subfield>
    </marc:datafield>
    <marc:datafield tag="520" ind1=" " ind2=" ">
      <marc:subfield code="a">"The geology surrounding the Meliadine and Meadowbank gold mines, north of Rankin Inlet, NU has been mapped extensively, but the area northeast of Meliadine has not been studied in great detail, and there is little known about precious metal deportment and mobility in potential ore-bearing units such as Banded Iron Formation (BIF). Here we present our first results analysing precious metal deportment (e.g. Au and Ag) using micro-XRF and LA-ICP-MS in BIF samples collected during GSC-UWO regional mapping (GEM-GeoNorth) east of Meliadine in Summer 2023. This information will be useful in determining variations in precious metal mineralization, including metals associated with critical minerals, within this region and developing a stronger understanding of the evolution of BIF"--Background, page [1].</marc:subfield>
    </marc:datafield>
    <marc:datafield tag="650" ind1=" " ind2="0">
      <marc:subfield code="a">Metamorphism (Geology)</marc:subfield>
      <marc:subfield code="z">Nunavut</marc:subfield>
      <marc:subfield code="z">Rankin Inlet (Inlet)</marc:subfield>
    </marc:datafield>
    <marc:datafield tag="650" ind1=" " ind2="0">
      <marc:subfield code="a">Gold mines and mining</marc:subfield>
      <marc:subfield code="z">Nunavut</marc:subfield>
      <marc:subfield code="z">Rankin Inlet (Inlet)</marc:subfield>
    </marc:datafield>
    <marc:datafield tag="650" ind1=" " ind2="6">
      <marc:subfield code="a">Métamorphisme (Géologie)</marc:subfield>
      <marc:subfield code="z">Nunavut</marc:subfield>
      <marc:subfield code="z">Rankin, Goulet de.</marc:subfield>
    </marc:datafield>
    <marc:datafield tag="650" ind1=" " ind2="6">
      <marc:subfield code="a">Or</marc:subfield>
      <marc:subfield code="x">Mines et extraction</marc:subfield>
      <marc:subfield code="z">Nunavut</marc:subfield>
      <marc:subfield code="z">Rankin, Goulet de.</marc:subfield>
    </marc:datafield>
    <marc:datafield tag="710" ind1="2" ind2=" ">
      <marc:subfield code="a">Geological Survey of Canada, </marc:subfield>
      <marc:subfield code="e">issuing body.</marc:subfield>
    </marc:datafield>
    <marc:datafield tag="830" ind1="#" ind2="0">
      <marc:subfield code="a">Open file (Geological Survey of Canada)</marc:subfield>
      <marc:subfield code="x">2816-7155 ; </marc:subfield>
      <marc:subfield code="v">9232.</marc:subfield>
      <marc:subfield code="w">(CaOODSP)9.506878</marc:subfield>
    </marc:datafield>
    <marc:datafield tag="856" ind1="4" ind2="0">
      <marc:subfield code="q">PDF</marc:subfield>
      <marc:subfield code="s">46.8 MB</marc:subfield>
      <marc:subfield code="u">https://publications.gc.ca/collections/collection_2025/rncan-nrcan/m183-2/M183-2-9232-eng.pdf</marc:subfield>
    </marc:datafield>
    <marc:datafield tag="856" ind1="4" ind2="0">
      <marc:subfield code="q">HTML</marc:subfield>
      <marc:subfield code="s">N/A</marc:subfield>
      <marc:subfield code="u">https://doi.org/10.4095/pn7ecvcxeg</marc:subfield>
    </marc:datafield>
  </marc:record>
</marc:collection>
